LEADER 01483nam a2200349 a 4500 001 000000171460 003 CaOOAMICUS 005 20190201121934.0 008 190201s2019 it u000 u ita r 020 $a978-88-28-80396-6* 032 $aLibriCat 040 $aPUL$bita 082 $a343. 45 110 1 $aItalia.$0(OLS)http://pul/name/1188 240 10$aCodice del consumo (2019).$0(OLS)http://pul/title/212259 245 10$aCodice del consumo /$ca cura di Vincenzo Cuffaro; con il coordinamento di Angelo Barba, Andrea Barenghi. 260 $aMilano :$bGiuffrè,$c©2019. 300 $aXL, 2531 p.; $c25 cm 490 1 $aLe fonti del diritto italiano 650 4$aConsumo (diritto).$0(OLS)http://pul/subject/34336 700 1 $aCuffaro, Vincenzo,$d1951-$0(OLS)http://pul/name/48395 700 1 $aBarba, Angelo.$0(OLS)http://pul/name/83483 700 1 $aBarenghi, Andrea.$0(OLS)http://pul/name/110112 830 3$aLe fonti del diritto italiano.$0(OLS)http://pul/title/104091 850 $aPUL 852 $aPUL$W1$xSL Diritto e Scienze Sociali 3$y79$m348. 45 COD 5.44$j195150$qDDC 21$B200053$CPULBib$Z2$F200053 $H132232 $81 941 1 $a9 996 $6020$a978-88-28-80396-6*$9(OLS)http://pul/number/165715 996 $6082$a343. 45$9(OLS)http://pul/classification/3193 996 $6245$aCodice del consumo$9(OLS)http://pul/title/145321 996 $6260$aMilano :$bGiuffrè$9(OLS)http://pul/publisher/48401 LEADER 01599nam a2200337 a 4500 001 000000175998 003 CaOOAMICUS 005 20230721160558.0 008 230710s2023 it 001 u ita r 020 $a978-88-28-84658-1 032 $aLibriCat 040 $aPUL$bita 082 04$a346.45052 100 1 $aMontecchiari, Tiziana.$0(OLS)http://pul/name/112681 245 10$aDella interdizione, della inabilitazione e della incapacità naturale :$b[Artt. 414-432] /$cTiziana Montecchiari. 260 $aMilano :$bGiuffrè Francis Lefebvre,$c©2023. 300 $aXXIV, 299 pagine ;$c25 cm. 490 1 $aIl Codice civile.$aCommentario$aArtt. 414-432 504 $aBibliografia in nota. 650 4$aPrevidenza sociale$xLegislazione.$0(OLS)http://pul/subject/37390 650 4$aDisabili$xDiritto.$0(OLS)http://pul/subject/33681 650 4$aCodice civile$zItalia$xCommenti.$0(OLS)http://pul/subject/33992 830 3$aIl Codice civile.$pCommentario ;$vArtt. 414-432.$0(OLS)http://pul/title/53143 850 $aPUL 852 $aPUL$W1$xSL Diritto e Scienze Sociali 3$y79$m300 A 1.414.2$j200168$qDDC 21$B204950$CPULBib$Z2$F204950 $H136397 $82 941 1 $a9 996 $6020$a978-88-28-84658-1$9(OLS)http://pul/number/169239 996 $6082$a346.45052$9(OLS)http://pul/classification/2437 996 $6245$aDella interdizione, della inabilitazione e della incapacità naturale :$b[Artt. 414-432]$9(OLS)http://pul/title/217492 996 $6260$aMilano :$bGiuffrè Francis Lefebvre$9(OLS)http://pul/publisher/86917